Logo BPK

Biblioteka

Politechniki Koszalińskiej

Rośliny polskie : (Rekord nr 16863)

Szczegóły MARC
000 -ETYKIETA REKORDU
podpole kontrolne o stałej długości 00526nam a2200169 i 4500
001 - NUMER KONTROLNY REKORDU
pole kontrolne bg
040 ## - ŹRÓDŁO KATALOGOWANIA
Instytucja, która utworzyła rekord BPK
041 ## - KOD JĘZYKA
Kod języka tekstu pol
008 - POLE O STAŁEJ DŁUGOŚCI - DANE KONTROLNE
podpole kontrolne o stałej długości s pl f |000 0 pol
100 1# - NAZWA OSOBOWA
Nazwa osobowa SZAFER, Władysław
245 #0 - TYTUŁ/ODPOWIEDZIALNOŚĆ
Tytuł Rośliny polskie :
Ciąg dalszy tytułu opisy i klucze do oznaczania wszystkich gatunków roślin naczyniowych /
Pozostałe elementy strefy tytułu i oznaczenia odpowiedzialności Władysław Szafer, Stanisław Kulczyński, Bogumił Pawłowski.
250 ## - STREFA WYDANIA
Oznaczenie wydania Wyd.4.
260 ## - STREFA ADRESU WYDAWNICZEGO
Miejsce wydania Warszawa,
Data publikacji, dystrybucji/powstania dokumentu 1976.
700 1# - HASŁO DODATKOWE - NAZWA OSOBOWA
Nazwa osobowa KULCZYŃSKI, Stanisław
700 1# - HASŁO DODATKOWE - NAZWA OSOBOWA
Nazwa osobowa PAWŁOWSKI, Bogumił
856 ## - LOKALIZACJA I DOSTĘP DO ELEKTRONICZNYCH DOKUMENTÓW ZDALNYCH
Link (URL) http://koha.tu.koszalin.pl/cgi-bin/koha/opac-detail.pl?biblionumber=16863
Tekst linku Katalog online BPK
942 ## - DODATKOWE ELEMENTY (KOHA)
Typ dokumentu Książka
Egzemplarze
Wycofany Status egzemplarza Uszkodzony Dostępność Lokalizacja stała Lokalizacja bieżąca Miejsce przechowywania Sygnatura Kod kreskowy Typ dokumentu
      Dostępny Biblioteka Politechniki Koszalińskiej Biblioteka Politechniki Koszalińskiej Wypożyczalnia BG 21082 01396782 Książka
© 2023 Biblioteka Politechniki Koszalińskiej :: KOHA